000 00431 a2200157 4500
005 20250627082543.0
020 _a0-07-244331-6
082 _a332.6 COR
100 _aCORRADO, J. C.
245 _aFundamentals Of Investments, Valuation & Management,
250 _a2nd Ed.
260 _aNew York,
_bMc Graw Hill Irwin,
_c2002.
300 _axxxv.; 604p.; Ill.; picture.
_bIndex,
_c26cm.
700 _aJORDAN, D. B.
942 _2ddc
_cBKS
999 _c5548
_d5548